Locations of the 7 Wonders of the Ancient World - Statistics

General Stats
  • This quiz has been taken 1,391 times
  • The average score is 5 of 7
Answer Stats
Wonder % Correct
Great Pyramid of {Giza}
98%
Hanging Gardens of {Babylon}
94%
Lighthouse of {Alexandria}
87%
Colossus of {Rhodes}
84%
Mausoleum of {Halicarnassus}
50%
Statue of Zeus at {Olympia}
48%
Temple of Artemis at {Ephesus}
42%
No matching quizzes found
Score Distribution
Percent of People with Each Score
Percentile by Number Answered
Your Score History
You have not taken this quiz